Normal view
MARC view
Entry Personal Name
001 - CONTROL NUMBER
- control field: 349918
003 - CONTROL NUMBER IDENTIFIER
- control field: OSt
005 - DATE AND TIME OF LATEST TRANSACTION
- control field: 20220926045211.0
008 - FIXED-LENGTH DATA ELEMENTS
- fixed length control field: 220926|| aca||aabn | a|a d
040 ## - CATALOGING SOURCE
- Original cataloging agency: OSt
- Transcribing agency: OSt
100 ## - HEADING--PERSONAL NAME
- Personal name: ORRISA, (Govt. of-)
670 ## - SOURCE DATA FOUND
- Source citation: Work cat.: (OSt)676939: ORRISA, (Govt. of-). 349917, Finance Department , 1972
